| 000 | 00997nas a2200313 4500 | ||
|---|---|---|---|
| 001 | BR2011003177 | ||
| 003 | BR-BrBNA | ||
| 005 | 20231205115339.0 | ||
| 007 | ta | ||
| 008 | 230509b bl.|||p| |||| 00| 00por d | ||
| 040 |
_aBR-BrBNA _bpor _cBiblioteca Nacional de Agricultura |
||
| 041 | _a(Pt) | ||
| 072 | _aL72 | ||
| 100 | 1 | _aAlbuquerque, G.R. | |
| 100 | 1 | _aLanfredi, R.M. | |
| 100 | 1 | _aTeixeira Filho, W.L. | |
| 100 | 1 | _aRodrigues, M. de L. de A. | |
| 100 | 1 | _aLopes, C.W.G. | |
| 245 | 1 | _aGnatostomiase em Didelphis aurita e sua importância em saúde pública | |
| 246 | 1 | _aGnathostomiasis in Didelphis aurita and its importance in public health | |
| 650 | _aGAMBÁ | ||
| 650 | _aESTOMAGO | ||
| 650 | _aPARASITOSE | ||
| 650 | _aSAÚDE PÚBLICA | ||
| 650 | _aZOONOSE | ||
| 773 | 0 |
_tRevista Brasileira de Medicina Veterinária (Brazil) _xISSN 0100-2430 _g(Oct-Dec 2007), v. 29(4) p. 168-170 _wBR2011003177 |
|
| 909 |
_a202311 _bLúcia _c55 _dLúcia Elande |
||
| 942 |
_2AGRIS _n0 _cANA |
||
| 999 |
_c213333 _d213333 |
||